00591cam a22001813a 450000100060000000300060000600500170001200800410002904000150007004200070008510000210009224501460011326000290025950600300028851600200031883000290033885600420036740519PGUSA20140828083914.0120817s2012||||xxu|||||s|||||000 | eng d aPGUSAbeng adc1 aLudlow, James M.14aThe Captain of the Janizaries :bA story of the times of Scanderberg and the fall of Constantinopleh[electronic resource] /cJames M. Ludlow bProject Gutenberg,c2012 aPublic domain in the USA. aElectronic text 0aProject Gutenbergv4051940uhttp://www.gutenberg.org/ebooks/40519